| 000 | 00465nam a22001697a 4500 | ||
|---|---|---|---|
| 003 | NUST - PNEC | ||
| 005 | 20170116180806.0 | ||
| 008 | 150422b xxu||||| |||| 00| 0 eng d | ||
| 040 | _cLIBRARY | ||
| 082 | _a297.5 RAH | ||
| 100 |
_92976 _aRahmatullah Subhani |
||
| 245 |
_aMakhzan-e-Ikhlaq _cMaulana Rahmatullah Subhani |
||
| 260 |
_aLahore: _bNashran Quran Ltd., |
||
| 300 |
_a652 p. : _c22 cm. |
||
| 650 |
_92977 _aIslam, Human life _xGeneral |
||
| 942 |
_2ddc _cBK |
||
| 999 |
_c63189 _d63189 |
||